| 000 | 01198nam a22003497a 4500 | ||
|---|---|---|---|
| 003 | CHAP | ||
| 005 | 20220817044525.0 | ||
| 008 | 120528s1994 mdu r 00010 eng d | ||
| 010 | _a103236 | ||
| 011 | _a104208 | ||
| 022 | 0 | _a1052-5378 | |
| 035 | _a114898 | ||
| 040 | _cCHAP | ||
| 082 | 0 | 4 |
_a636.5016 _bK87 |
| 100 | 1 |
_aKreger, Michael D. _963891 |
|
| 245 | 1 | 0 |
_aHousing, husbandry, and welfare of poultry : _bjanuary 1991 - january 1994 _c/por Michael D. Kreger |
| 260 |
_aMaryland, EUA : _bNational Agricultural Library, _c1994 |
||
| 300 | _a110 p. | ||
| 490 | 0 |
_aQuick bibliography series. _pAnimal welfare _v94-15 |
|
| 590 |
_aBATCH-UPD _b10 _c20130110 _lUCH01 _h1615 |
||
| 590 |
_aBATCH-UPD _b10 _c20130410 _lUCH01 _h1009 |
||
| 590 |
_aBATCH-UPD _b10 _c20130914 _lUCH01 _h0452 |
||
| 590 |
_aCONVERSION _b10 _c20130109 _lUCH01 _h1357 |
||
| 650 | 1 | 4 |
_aAves de corral _xAlimentación. _98638 |
| 650 | 1 | 4 |
_aAves de corral _xJaulas y equipo. _98656 |
| 650 | 1 | 4 |
_aBibliografía. _912194 |
| 650 | 1 | 4 | _aBienestar animal. |
| 830 | 0 |
_aQuick bibliography series. _pAnimal welfare _v94-15 _993291 |
|
| 901 | _aBK | ||
| 942 | _cLIBRO | ||
| 949 |
_a635.5016 K87 _bBC _cC _d33724002334322 _eC _h116699 _i114898 _sb |
||
| 999 |
_c103236 _d103236 |
||